| 000 | nam a22 7a 4500 | ||
|---|---|---|---|
| 999 |
_c44150 _d44150 |
||
| 003 | OSt | ||
| 005 | 20180504112647.0 | ||
| 008 | 180504b xxu||||| |||| 00| 0 eng d | ||
| 040 | _cIIMT UNIVERSITY, MEERUT | ||
| 050 |
_a621.326SIN _b328 |
||
| 082 |
_22ND _a621.326SIN _b328 |
||
| 100 | _aSINGAL, R | ||
| 245 | _aREFRIGERATION AND PSYCHOMETRIC CHARTS | ||
| 250 | _a2ND | ||
| 260 |
_aDELHI _bKATSON _c2010 |
||
| 300 |
_b2ND ED. 70 P P. _ePAPERBACK |
||
| 760 | _b2ND.ED. | ||
| 856 | _3PAPERBACK | ||
| 887 | _2ACCESSION REGISTER | ||
| 942 |
_2ddc _c01 _e2ND ED. _hTITLE _iBOOK _k621.326SIN _m621.326SIN |
||